vufinder Bibliothèque Municipale de Charleval de Provence
Se connecter
« Retourner aux résultats de recherche

Gaza, face à l'anéantissement

les savoirs de l'histoire, les principes du droit

Book Cover
D'autres auteurs: Vincent Duclert Bruno Cotte Elias Sanbar
Support: Livres
Langue: Francais
Genre: Documentaire
Sujets:
Étiquettes: Ajouter
Pas de Tags !

LEADER 00954nam0a2200205 450
001 16848287
010 |a 978-2-07-314376-1  |b br.  |d 4,9 € 
100 |a 20250908d2025 u u0frey01 ba 
101 0 |a fre 
102 |a FR 
200 0 |a Gaza, face à l'anéantissement  |e les savoirs de l'histoire, les principes du droit  |f par un collectif de chercheurs  |g introduction par Vincent Duclert - postfaces par Bruno Cotte, Elias Sanbar 
207 1 |a   
215 |a 1 vol.  |d 26 x 15 cm 
330 |a Un ouvrage collectif visant à mobiliser les ressources de la connaissance afin de défendre le droit et la liberté face à ce que les auteurs dénoncent comme un triomphe de la loi du plus fort à Gaza. 
702 0 |a Duclert  |b Vincent  |4 80 
702 0 |a Cotte  |b Bruno  |4 75 
702 0 |a Sanbar  |b Elias  |4 75 
900 |a Documentaire 
901 |a Accessible au prêt 
995 |a Bibliothèque  |c Bibliothèque  |f 00156011589454  |h 00156011589454  |k 956.94 GAZ  |o p  |q a  |r az  |e Bibliothèque 

Options de recherche

Historique de recherche
Recherche avancée

Trouver plus

Nouveautés

Besoin d'aide ?

Contacter un bibliothécaire